01523cam a22003495i 4500999001700000001001000017003000900027005001700036008004100053020001800094020001500112040004500127082002100172100004400193245031400237250001900551250002000570264004900590264001100639300007000650336002600720337002800746338002700774504005100801650003100852650004000883653004200923655001400965700003400979942001301013952014701026 c27626d27597018972507EG-ScBUE20190918105354.0180709t2019 xxka f b 001 0 eng d a9781292231167 a1292231165 aStDuBDSbengerdacStDuBDSdUkdEG-ScBUE04a621.395bMAN2221 aMano, M. Morris,d1927-eauthor.93495610aDigital design :bwith an introduction to the Verilog HDL, VHDL, and systemVerilog /cM. Morris Mano, Emeritus Professor of Computer Engineering California State University, Loss Angeles, Michael D. Ciletti, Emeritus Professor of Electrical and Computer Engineering University of Colorado at Colorado Springs. aSixth edition. aGlobal edition. 1aHarlow :bPearson Education Limited,c[2019] 4cc2019. a710 pages :billustrations (black and white, and colour) ;c24 cm atextbtxt2rdacontent aunmediatedbn2rdamedia avolumebnc2rdacarrier aIncludes bibliographical references and index. 7aLogic design.2BUEsh93913 7aDigital integrated circuits.2BUEsh bENGELCbCOMSCIbENGGENcSeptember2019 vText book10aCiletti, Michael D.,eauthor. 2ddccTXT 00102ddc40708BaccahaMAINbMAINc1STd2019-09-17ePurchaseg550.00l0o621.395 MANp000048070r2025-07-15 00:00:00v687.50w2019-09-17yNB